[Event "SLO-chT2 West"]
[Site "Komenda"]
[Date "2022.11.26"]
[Round "5.5"]
[White "Ribicic, Marko"]
[Black "Pazlar, Marko"]
[Result "1/2-1/2"]
[WhiteElo "1805"]
[BlackElo "2003"]
[PlyCount "64"]
[EventDate "2022.11.19"]
[EventType "team-tourn"]
[EventRounds "7"]
[EventCountry "SLO"]
[SourceTitle "EXT 2024"]
[Source "ChessBase"]
[SourceDate "2023.10.10"]
[SourceVersion "1"]
[SourceVersionDate "2023.10.10"]
[SourceQuality "1"]
[WhiteTeam "Piran"]
[BlackTeam "Jesenice Acroni"]
[WhiteTeamCountry "SLO"]
[BlackTeamCountry "SLO"]

1. e3 e6 2. d4 f5 3. Nf3 Nf6 4. Nc3 Bb4 5. Bd2 a5 6. Be2 0-0 7. 0-0 b6 8. Ne5 Bxc3 9. Bxc3 Bb7 10. f3 d6 11. Nd3 Qe7 12. a3 Nbd7 13. Bd2 Kh8 14. c4 e5 15. Rc1 e4 16. Nf2 exf3 17. Bxf3 Ne4 18. Bxe4 Bxe4 19. Nxe4 Qxe4 20. Rf4 Qe7 21. Qf3 g6 22. Bc3 Kg8 23. b4 axb4 24. axb4 Rae8 25. Re1 Nf6 26. Qd1 Ne4 27. Bb2 Ra8 28. Qb3 Nd2 29. Qc3 Ne4 30. Qb3 Nd2 31. Qc3 Ne4 32. Qb3 Nd2 1/2-1/2

[Event "Oskarja Memorial 10th"]
[Site "Chess.com INT"]
[Date "2021.01.16"]
[Round "8"]
[White "Kvaternik, Kresimir"]
[Black "Ribicic, Marko"]
[Result "0-1"]
[WhiteElo "1881"]
[BlackElo "1928"]
[PlyCount "50"]
[EventDate "2021.01.16"]
[EventType "swiss (blitz)"]
[EventRounds "15"]
[EventCountry "SLO"]
[SourceTitle "CBM 200 Extra"]
[Source "ChessBase"]
[SourceDate "2021.03.31"]
[SourceVersion "1"]
[SourceVersionDate "2021.03.31"]
[SourceQuality "1"]

1. e4 e5 2. Nf3 Nc6 3. Bb5 Nf6 4. c3 d6 5. d4 exd4 6. e5 dxe5 7. Nxe5 Bd7 8. Qe2 Be7 9. Nxd7 Qxd7 10. 0-0 0-0 11. cxd4 a6 12. Bxc6 bxc6 13. Be3 Bd6 14. h3 Rfe8 15. Qf3 Nd5 16. Nc3 Nxc3 17. bxc3 Re6 18. Rab1 Rae8 19. Rb2 Rf6 20. Qg4 Rfe6 21. Rfb1 Qe7 22. Rb8 g6 23. Qf3 f5 24. Qxc6 Bh2+ 25. Kxh2 Rxc6 0-1

[Event "Oskarja Memorial 10th"]
[Site "Chess.com INT"]
[Date "2021.01.16"]
[Round "5"]
[White "Ribicic, Marko"]
[Black "Grein, Bogomir"]
[Result "1-0"]
[WhiteElo "1928"]
[BlackElo "1731"]
[PlyCount "71"]
[EventDate "2021.01.16"]
[EventType "swiss (blitz)"]
[EventRounds "15"]
[EventCountry "SLO"]
[SourceTitle "CBM 200 Extra"]
[Source "ChessBase"]
[SourceDate "2021.03.31"]
[SourceVersion "1"]
[SourceVersionDate "2021.03.31"]
[SourceQuality "1"]

1. e4 d6 2. Nf3 c6 3. Nc3 e5 4. d4 Qc7 5. Bc4 Be7 6. 0-0 Nf6 7. Bg5 Bg4 8. dxe5 dxe5 9. Bh4 Nbd7 10. Bg3 Nh5 11. Bxf7+ Kxf7 12. Ng5+ Bxg5 13. Qxg4 Bf6 14. Qxh5+ g6 15. Qf3 Kg7 16. Rad1 Rhf8 17. Qg4 Rad8 18. Rd2 Nc5 19. Rfd1 Rxd2 20. Rxd2 Rd8 21. Qd1 h6 22. Rxd8 Bxd8 23. Bxe5+ Qxe5 24. Qxd8 Ne6 25. Qe7+ Kg8 26. h3 g5 27. Qxb7 Qd4 28. Qxc6 Kf7 29. Qd5 Qb6 30. Qf5+ Kg7 31. e5 Nf4 32. Qf6+ Qxf6 33. exf6+ Kxf6 34. f3 Ke5 35. Kf2 Kd4 36. Ne2+ 1-0

[Event "Ljubljana-chT 73rd"]
[Site "Ljubljana"]
[Date "2020.02.13"]
[Round "4.1"]
[White "Abe, Aljaz"]
[Black "Ribicic, Marko"]
[Result "1-0"]
[WhiteElo "1691"]
[BlackElo "1832"]
[PlyCount "182"]
[EventDate "2020.01.16"]
[EventType "team-swiss"]
[EventRounds "6"]
[EventCountry "SLO"]
[SourceTitle "EXT 2024"]
[Source "ChessBase"]
[SourceDate "2023.10.10"]
[SourceVersion "1"]
[SourceVersionDate "2023.10.10"]
[SourceQuality "1"]
[WhiteTeam "Trzin Pekos Pub"]
[BlackTeam "Zelenci LPP"]
[WhiteTeamCountry "SLO"]
[BlackTeamCountry "SLO"]

1. e4 d5 2. exd5 Qxd5 3. Nc3 Qd8 4. d4 c6 5. Bc4 g6 6. Nf3 Nf6 7. 0-0 Bg7 8. Re1 0-0 9. Ne5 Nbd7 10. Nxd7 Bxd7 11. Bg5 Bf5 12. Ne2 Bg4 13. h3 Bc8 14. Ng3 h6 15. Bc1 e6 16. c3 b5 17. Bd3 Bb7 18. h4 Qd7 19. h5 g5 20. f4 gxf4 21. Bxf4 Nd5 22. Bd2 f5 23. Ne2 Qf7 24. Nf4 Nxf4 25. Bxf4 Rad8 26. Re3 Kh8 27. Qe2 Rde8 28. Re1 Bc8 29. a4 b4 30. Bc4 bxc3 31. bxc3 Rg8 32. Bxe6 Bxe6 33. Rxe6 Rxe6 34. Qxe6 Qxh5 35. Qxc6 Qh4 36. Rf1 Qg4 37. Be5 Kh7 38. Bxg7 Rxg7 39. Qf3 Qxf3 40. Rxf3 Rf7 41. Kf2 Kg6 42. Re3 Kf6 43. Kf3 Rc7 44. d5 Kg5 45. Rd3 Kf6 46. d6 Rc8 47. d7 Rd8 48. Kf4 Ke7 49. Kxf5 Rf8+ 50. Ke5 Kd8 51. c4 Rg8 52. g3 Rg5+ 53. Kd6 Rg6+ 54. Kc5 Rg5+ 55. Kb4 a5+ 56. Kc3 h5 57. Kd2 Rg4 58. Kc3 Rg5 59. Kc2 Rg4 60. Kb3 Rg5 61. Kb2 Rg4 62. c5 Rc4 63. Rc3 Rb4+ 64. Ka3 Kxd7 65. Rb3 Rc4 66. Rb7+ Kc6 67. Rb6+ Kc7 68. Kb3 Rxc5 69. Rb5 Rxb5+ 70. axb5 Kb6 71. Ka4 Kb7 72. Kxa5 Ka7 73. b6+ Kb7 74. Kb5 Kb8 75. Kc6 Kc8 76. b7+ Kb8 77. Kd6 Kxb7 78. Ke5 Kc6 79. Kf5 Kd6 80. Kg5 Ke6 81. Kh4 Ke7 82. Kxh5 Kf6 83. Kh6 Kf5 84. Kh5 Kf6 85. g4 Kg7 86. Kg5 Kh7 87. Kf6 Kg8 88. Kg6 Kh8 89. g5 Kg8 90. Kh6 Kh8 91. g6 Kg8 1-0

[Event "SLO-chT Central 1st League 20th"]
[Site "Slovenia"]
[Date "2019.09.12"]
[Round "1.1"]
[White "Ribicic, Marko"]
[Black "Praznik, Anton"]
[Result "0-1"]
[WhiteElo "1866"]
[BlackElo "2190"]
[PlyCount "58"]
[EventDate "2019.09.12"]
[EventType "team-tourn"]
[EventRounds "9"]
[EventCountry "SLO"]
[SourceTitle "EXT 2024"]
[Source "ChessBase"]
[SourceDate "2023.10.10"]
[SourceVersion "1"]
[SourceVersionDate "2023.10.10"]
[SourceQuality "1"]
[WhiteTeam "Zelenci LPP"]
[BlackTeam "Vrhnika"]
[WhiteTeamCountry "SLO"]
[BlackTeamCountry "SLO"]

1. e4 d6 2. Nc3 Nf6 3. d3 g6 4. f4 Bg7 5. Nf3 0-0 6. Be2 c5 7. 0-0 Bg4 8. h3 Bxf3 9. Bxf3 Nc6 10. Ne2 e5 11. c3 Qb6 12. Kh1 Rad8 13. Rb1 a5 14. Be3 d5 15. fxe5 Nxe5 16. Qc2 dxe4 17. Bxe4 Nxe4 18. dxe4 Rd3 19. Bf4 Rfd8 20. Rbd1 Qd6 21. Rde1 Qc6 22. Bxe5 Bxe5 23. Nd4 Qb6 24. Nf3 Bg3 25. Re2 Qd6 26. Nd4 Qa6 27. Nf3 Qc4 28. a3 b5 29. Ne1 Rd2 0-1

[Event "SLO-chT1 West"]
[Site "Ljubljana"]
[Date "2015.11.29"]
[Round "9"]
[White "Markocic, Tine"]
[Black "Ribicic, Marko"]
[Result "1-0"]
[WhiteElo "2009"]
[BlackElo "1842"]
[PlyCount "75"]
[EventDate "2015.10.16"]
[EventType "team-tourn"]
[EventRounds "9"]
[EventCountry "SLO"]
[SourceTitle "EXT 2019"]
[Source "ChessBase"]
[SourceDate "2018.10.10"]
[SourceVersion "1"]
[SourceVersionDate "2018.10.10"]
[SourceQuality "1"]
[WhiteTeam "Nova Gorica"]
[BlackTeam "Piran"]
[WhiteTeamCountry "SLO"]
[BlackTeamCountry "SLO"]

1. e4 d5 2. exd5 Qxd5 3. Nc3 Qd8 4. g3 Nf6 5. Bg2 e6 6. Nge2 c6 7. 0-0 Nbd7 8. d4 Be7 9. Ne4 Nxe4 10. Bxe4 Nf6 11. Bg2 0-0 12. c4 a5 13. Qc2 h6 14. Rd1 Qc7 15. Nc3 Rd8 16. Be3 Ng4 17. Bf4 Bd6 18. Bxd6 Qxd6 19. d5 cxd5 20. cxd5 Qc5 21. dxe6 Bxe6 22. Bxb7 Qh5 23. h4 Ne5 24. Qe4 Bg4 25. Bxa8 Rxd1+ 26. Rxd1 Bxd1 27. Nxd1 Qxd1+ 28. Kg2 Qd8 29. Qxe5 Qxa8+ 30. Kh2 f6 31. Qd4 Qa6 32. b3 Kf8 33. a3 Ke7 34. b4 a4 35. Qc5+ Ke6 36. b5 Qd6 37. Qc4+ Qd5 38. Qxa4 1-0

[Event "SLO-chT3 West"]
[Site "Postojna"]
[Date "2013.11.23"]
[Round "3"]
[White "Simoncic, Silvo"]
[Black "Ribicic, Marko"]
[Result "1-0"]
[WhiteElo "2106"]
[BlackElo "1885"]
[PlyCount "88"]
[EventDate "2013.11.22"]
[EventType "team"]
[EventRounds "5"]
[EventCountry "SLO"]
[SourceTitle "EXT 2015"]
[Source "ChessBase"]
[SourceDate "2014.11.20"]
[SourceVersion "1"]
[SourceVersionDate "2014.11.20"]
[SourceQuality "1"]

1. e4 e5 2. Nf3 Nc6 3. Bb5 a6 4. Ba4 Nf6 5. 0-0 Nxe4 6. d4 b5 7. Bb3 d5 8. dxe5 Be6 9. Nbd2 Nc5 10. c3 Nxb3 11. Nxb3 Bg4 12. Re1 Be7 13. h3 Bh5 14. Bf4 0-0 15. Qd3 Qd7 16. a4 Rab8 17. axb5 axb5 18. g4 Bg6 19. Qe3 Nd8 20. Bg3 b4 21. Rec1 Ne6 22. Ra7 Qb5 23. Nbd4 Qb6 24. Nf5 Bg5 25. Qxb6 Rxb6 26. Rc2 Rfb8 27. N3d4 c5 28. Nf3 b3 29. Re2 d4 30. cxd4 cxd4 31. Nxg5 Bxf5 32. gxf5 Nxg5 33. e6 Nf3+ 34. Kf1 Rc8 35. e7 h5 36. e8Q+ Rxe8 37. Rxe8+ Kh7 38. Raa8 Kh6 39. h4 g5 40. Rh8+ Kg7 41. hxg5 Nxg5 42. f6+ Kg6 43. Rab8 Ra6 44. Be5 Nf3 1-0

[Event "SLO-chT"]
[Site "Bled"]
[Date "2005.11.03"]
[Round "1"]
[White "Luzar, Emil"]
[Black "Ribicic, Marko"]
[Result "1/2-1/2"]
[WhiteElo "2183"]
[BlackElo "1910"]
[PlyCount "98"]
[EventDate "2005.11.03"]
[EventType "team"]
[EventRounds "9"]
[EventCountry "SLO"]
[SourceTitle "CBM 109 Extra"]
[Source "ChessBase"]
[SourceDate "2006.01.03"]
[SourceVersion "2"]
[SourceVersionDate "2006.01.03"]
[SourceQuality "1"]

1. e4 e5 2. Nf3 Nc6 3. Bb5 a6 4. Ba4 Nf6 5. 0-0 b5 6. Bb3 Be7 7. Qe2 d6 8. a4 Bg4 9. c3 0-0 10. axb5 axb5 11. Rxa8 Qxa8 12. h3 Bh5 13. Na3 b4 14. Nc4 Na5 15. Nxa5 Qxa5 16. Bc2 Nd7 17. Qe3 c5 18. d4 exd4 19. cxd4 c4 20. e5 Bxf3 21. Qxf3 dxe5 22. Qf5 Nf6 23. dxe5 g6 24. Qf4 Nh5 25. Qe4 Rc8 26. e6 f5 27. Qf3 Ng7 28. Rd1 b3 29. Bb1 Rd8 30. g4 Rxd1+ 31. Qxd1 fxg4 32. hxg4 Qd8 33. Qe2 Qd5 34. Be4 Qd4 35. Qf3 Nxe6 36. Bd5 Qe5 37. Bd2 Kg7 38. Bc3 Nd4 39. Qf7+ Kh6 40. Bd2+ g5 41. Qh5+ Kg7 42. Qf7+ Kh6 43. Bxc4 Bf6 44. Qh5+ Kg7 45. Qf7+ Kh6 46. Qf8+ Bg7 47. Qf7 Bf6 48. Qh5+ Kg7 49. Qf7+ Kh6 1/2-1/2